<?xml version="1.0" encoding="UTF-8"?><record xmlns="http://www.loc.gov/MARC21/slim" xmlns:zs="http://docs.oasis-open.org/ns/search-ws/sruResponse">
  <leader>02445cim a2200457 a 4500</leader>
  <controlfield tag="001">5628453</controlfield>
  <controlfield tag="005">20250607223201.3</controlfield>
  <controlfield tag="007">stuomndmannnu</controlfield>
  <controlfield tag="008">911015s1980    dcunnn   z     p    eng  </controlfield>
  <datafield ind1=" " ind2=" " tag="035">
    <subfield code="a">5628453</subfield>
  </datafield>
  <datafield ind1=" " ind2=" " tag="906">
    <subfield code="a">7</subfield>
    <subfield code="b">cbc</subfield>
    <subfield code="c">orignew</subfield>
    <subfield code="d">2</subfield>
    <subfield code="e">ncip</subfield>
    <subfield code="f">19</subfield>
    <subfield code="g">y-genmusic</subfield>
  </datafield>
  <datafield ind1=" " ind2=" " tag="955">
    <subfield code="a">LCAP batch update 2025-06-02-04:00: LCAPM-1022</subfield>
  </datafield>
  <datafield ind1=" " ind2=" " tag="010">
    <subfield code="a">   91740808 </subfield>
  </datafield>
  <datafield ind1="0" ind2=" " tag="033">
    <subfield code="a">19800421</subfield>
    <subfield code="b">3850</subfield>
  </datafield>
  <datafield ind1=" " ind2=" " tag="035">
    <subfield code="9">(DLC)   91740808</subfield>
  </datafield>
  <datafield ind1=" " ind2=" " tag="040">
    <subfield code="a">DLC</subfield>
    <subfield code="c">DLC</subfield>
    <subfield code="d">DLC</subfield>
  </datafield>
  <datafield ind1="0" ind2="0" tag="050">
    <subfield code="a">Tape 16513</subfield>
  </datafield>
  <datafield ind1="1" ind2=" " tag="100">
    <subfield code="a">Buckley, Vincent.</subfield>
  </datafield>
  <datafield ind1="1" ind2="0" tag="240">
    <subfield code="a">Poems.</subfield>
    <subfield code="k">Selections</subfield>
  </datafield>
  <datafield ind1="1" ind2="3" tag="245">
    <subfield code="a">An evening of Australian poetry</subfield>
    <subfield code="h">[sound recording] :</subfield>
    <subfield code="b">Vincent Buckley, David Malouf, and Les A. Murray reading their poems.</subfield>
  </datafield>
  <datafield ind1=" " ind2=" " tag="260">
    <subfield code="c">1980.</subfield>
  </datafield>
  <datafield ind1=" " ind2=" " tag="300">
    <subfield code="a">1 sound tape reel (ca. 60 min.) :</subfield>
    <subfield code="b">analog, 7 1/2 ips, full track, mono. ;</subfield>
    <subfield code="c">10 in. +</subfield>
    <subfield code="e">program notes with contents ([4] p.)</subfield>
  </datafield>
  <datafield ind1=" " ind2=" " tag="306">
    <subfield code="a">010000</subfield>
  </datafield>
  <datafield ind1=" " ind2=" " tag="336">
    <subfield code="a">spoken word</subfield>
    <subfield code="b">spw</subfield>
    <subfield code="2">rdacontent</subfield>
  </datafield>
  <datafield ind1=" " ind2=" " tag="337">
    <subfield code="a">audio</subfield>
    <subfield code="b">s</subfield>
    <subfield code="2">rdamedia</subfield>
  </datafield>
  <datafield ind1=" " ind2=" " tag="338">
    <subfield code="a">audiotape reel</subfield>
    <subfield code="b">st</subfield>
    <subfield code="2">rdacarrier</subfield>
  </datafield>
  <datafield ind1=" " ind2=" " tag="500">
    <subfield code="a">Sponsored by the Gertrude Clarke Whittall Poetry and Literature Fund, Library of Congress, Washington, D.C.</subfield>
  </datafield>
  <datafield ind1=" " ind2=" " tag="500">
    <subfield code="a">Recorded for the Archive of Recorded Poetry and Literature.</subfield>
  </datafield>
  <datafield ind1="0" ind2=" " tag="511">
    <subfield code="a">Introduced by William Meredith.</subfield>
  </datafield>
  <datafield ind1=" " ind2=" " tag="518">
    <subfield code="a">Recorded Apr. 21, 1980, in the Coolidge Auditorium at the Library of Congress in Washington, D.C.</subfield>
  </datafield>
  <datafield ind1=" " ind2=" " tag="520">
    <subfield code="a">Mr. Buckley reads four poems from his collection entitled The pattern and three of his other poems. Mr. Malouf reads three poems from his collection entitled The year of the foxes and other poems; four of his other poems; and an excerpt from his novel entitled An imaginary life. Mr. Murray reads one poem from his collection entitled Selected poems--the vernacular republic; two from Lunch &amp; counter lunch; one from The weatherboard cathedral; three from Ethnic radio; and three of his other poems.</subfield>
  </datafield>
  <datafield ind1=" " ind2=" " tag="530">
    <subfield code="a">Also available in digital form on the Library of Congress Web site.</subfield>
  </datafield>
  <datafield ind1="1" ind2=" " tag="700">
    <subfield code="a">Meredith, William,</subfield>
    <subfield code="d">1919-2007.</subfield>
  </datafield>
  <datafield ind1="1" ind2=" " tag="700">
    <subfield code="a">Malouf, David,</subfield>
    <subfield code="d">1934-</subfield>
    <subfield code="t">Works.</subfield>
    <subfield code="k">Selections.</subfield>
    <subfield code="f">1980.</subfield>
  </datafield>
  <datafield ind1="1" ind2=" " tag="700">
    <subfield code="a">Murray, Les A.,</subfield>
    <subfield code="d">1938-2019.</subfield>
    <subfield code="t">Poems.</subfield>
    <subfield code="k">Selections.</subfield>
    <subfield code="f">1980.</subfield>
  </datafield>
  <datafield ind1="2" ind2=" " tag="710">
    <subfield code="a">Gertrude Clarke Whittall Poetry and Literature Fund.</subfield>
  </datafield>
  <datafield ind1="2" ind2=" " tag="710">
    <subfield code="a">Archive of Recorded Poetry and Literature (Library of Congress)</subfield>
  </datafield>
  <datafield ind1="4" ind2="1" tag="856">
    <subfield code="d">gdcarpl</subfield>
    <subfield code="f">1614456-3-1</subfield>
    <subfield code="u">http://hdl.loc.gov/loc.mbrsrs/poetryarch.91740808</subfield>
  </datafield>
  <datafield ind1=" " ind2=" " tag="953">
    <subfield code="a">TA28</subfield>
  </datafield>
  <datafield ind1=" " ind2=" " tag="985">
    <subfield code="a">poetryarch</subfield>
  </datafield>
  <datafield ind1=" " ind2=" " tag="991">
    <subfield code="b">c-RecSound</subfield>
    <subfield code="h">Tape 16513</subfield>
    <subfield code="w">MUSIC</subfield>
  </datafield>
</record>
